Gaming Quiz

Random Gaming Quiz
Score 0/144 Timer 16:00
0 Plays Today
Type, Color Name % Correct
Artifact - Equipment, RedEmbercleave
86.9%
Enchantment, OrzhovOath of Kaya
83.9%
Enchantment, GreenOath of Nissa
81.7%
Artifact Enchantment, BlackWhip of Erebos
81.4%
Enchantment, RedOath of Chandra
81%
Enchantment, BlueOath of Jace
81%
Artifact, GreenThe Great Henge
81%
Enchantment, WhiteOath of Gideon
80.6%
Enchantment, BlackOath of Liliana
80.6%
Artifact - VehicleWeatherlight
79.7%
Artifact, BlackBolas's Citadel
79.7%
Enchantment, Green // LandGrowing Rites of Itlimoc
79.6%
Artifact Enchantment, BlueBident of Thassa
79.5%
Artifact Enchantment, GreenBow of Nylea
78.3%
Artifact Enchantment, WhiteSpear of Heliod
78.3%
Enchantment - Aura, Golgari // LandJourney to Eternity // Atzal, Cave of Eternity
77.9%
Enchantment, AzoriusOath of Teferi
77.2%
Enchantment, SelesnyaOath of Ajani
77.2%
LandTolaria
77.2%
Artifact Enchantment, RedHammer of Purphoros
76.8%
Artifact, BlueThe Magic Mirror
75%
LandGaea's Cradle
74.9%
Artifact - EquipmentUmezawa's Jitte
74.5%
Enchantment, White // LandLegion's Landing // Adanto, the First Fort
74%
Enchantment, Blue // LandSearch for Azcanta // Azcanta, the Sunken Ruin
73.9%
Artifact - Vehicle, WhiteParhelion II
73.7%
Artifact - VehicleHeart of Kiran
72.6%
Artifact - EquipmentBlackblade Reforged
71.8%
Artifact - Equipment, WhiteGodsend
71.5%
LandUrborg
71.5%
LandUrborg, Tomb of Yawgmoth
71.5%
ArtifactSkyship Weatherlight
70.3%
LandTolarian Academy
70.3%
Artifact, BlackThe Cauldron of Eternity
70.2%
Snow LandDark Depths
69.2%
Artifact - EquipmentShadowspear
67.9%
Enchantment, Red // LandVance's Blasting Cannons // Spitfire Bastion
67.1%
LandSerra's Sanctum
65.8%
Enchantment, Simic // LandHadana's Climb // Winged Temple of Orazca
63.5%
Artifact - EquipmentHelm of Kaldra
62.4%
LandNykthos, Shrine to Nyx
62.4%
Artifact - EquipmentSword of Kaldra
62%
Enchantment - Aura, BlueIn Bolas's Clutches
61.9%
Artifact - EquipmentShield of Kaldra
61.6%
Enchantment - Aura, WhiteOn Serra's Wings
60.9%
Artifact, WhiteThe Circle of Loyalty
60.7%
Enchantment, Black // LandArguel's Blood Fast // Temple of Aclazotz
59.8%
LandKarakas
59.3%
Type, Color Name % Correct
Artifact, GreenVivien's Arkbow
59.3%
LandMinamo, School at Water's Edge
58.6%
Artifact - VehicleSkysovereign, Consul Flagship
57.8%
Enchantment, Boros // LandPath of Mettle // Metzali, Tower of Triumph
57.7%
LandEye of Ugin
57%
LandAcademy Ruins
55.9%
LandInventors' Fair
54.8%
Enchantment - Shrine, GreenHonden of Life's Web
54.4%
Enchantment - Shrine, BlueHonden of Seeing Winds
54.4%
Enchantment, Izzet // LandStorm the Vault // Vault of Catlacan
54.2%
Enchantment, Orzhov // LandProfane Procession // Tomb of the Dusk Rose
54.1%
Enchantment - Aura, WubrgGenju of the Realm
53.2%
Enchantment - Shrine, WhiteHonden of Cleansing Fire
53.2%
ArtifactAetherworks Marvel
52.9%
Artifact - EquipmentDragon Throne of Tarkir
52.9%
Enchantment - Shrine, RedHonden of Infinite Rage
52.9%
LandPhyrexian Tower
52.9%
ArtifactMirari
51.7%
Enchantment - Shrine, BlackHonden of Night's Reach
51.7%
LandEiganjo Castle
51.7%
Artifact - EquipmentHelm of the Host
51.5%
Artifact - EquipmentElbrus, the Binding Blade
51.3%
ArtifactParadox Engine
51.3%
LandBoseiju, Who Shelters All
51.3%
ArtifactThe Immortal Sun
50.9%
LandVolrath's Stronghold
50.6%
ArtifactMox Amber
50.5%
LandShivan Gorge
49.8%
ArtifactBontu's Monument
49.4%
Artifact // LandAzor's Gateway//Sanctum of the Sun
49.1%
ArtifactHazoret's Monument
48.7%
ArtifactPyromancer's Goggles
48.7%
Artifact, RedChandra's Regulator
48.6%
ArtifactKefnet's Monument
48.3%
LandPaliano, the High City
48.3%
LandShizo, Death's Storehouse
48.3%
ArtifactOketra's Monument
47.9%
Artifact - Equipment, GrixisUnscythe, Killer of Kings
47.9%
ArtifactMox Opal
47.5%
ArtifactPlanar Bridge
47.5%
ArtifactRhonas's Monument
47.5%
LandHall of Heliod's Generosity
47.2%
LandMikokoro, Center of the Sea
47.1%
LandOboro, Palace in the Clouds
47.1%
LandPendelhaven
47.1%
ArtifactAlhammarret's Archive
46.4%
ArtifactHelvault
45.6%
Enchantment, BlackLich's Mastery
45.5%
Type, Color Name % Correct
ArtifactLegacy Weapon
45.2%
ArtifactPredator, Flagship
45.2%
ArtifactGod-Pharaoh's Statue
44.9%
ArtifactThe Chain Veil
44.9%
LandThe Tabernacle at Pendrell Vale
43.7%
LandFlagstones of Trokair
43.3%
ArtifactThrone of the God-Pharaoh
42.6%
LandGeier Reach Sanitarium
42.6%
LandHall of the Bandit Lord
42.6%
LandOkina, Temple to the Grandfathers
42.6%
LandShinka, the Bloodsoaked Keep
42.6%
ArtifactAkroma's Memorial
41.4%
ArtifactThat Which Was Taken
41.4%
Artifact - EquipmentSword of the Animist
41.1%
LandHammerheim
41.1%
LandKher Keep
41.1%
ArtifactGonti's Aether Heart
40.7%
Enchantment, BlueMarit Lage's Slumber
38.9%
LandKor Haven
38.8%
ArtifactThrumming Stone
38.4%
ArtifactUgin's Nexus
38.4%
ArtifactMindslaver
37.6%
LandTeferi's Isle
37.3%
Artifact - EquipmentTenza, Godo's Maul
36.9%
Enchantment, BlackNight of Souls' Betrayal
36.9%
ArtifactGrimoire of the Dead
36.5%
LandUntaidake, the Cloud Keeper
36.5%
LandTomb of Urami
35.4%
Enchantment, WhiteDay of Destiny
35%
LandGemstone Caverns
35%
LandMiren, the Moaning Well
35%
LandYavimaya Hollow
35%
ArtifactTamiyo's Journal
34.6%
Enchantment, BlueMeishin, the Mind Cage
33.1%
Artifact - EquipmentHammer of Nazahn
32.3%
LandGods' Eye, Gate to the Reikai
31.2%
ArtifactThran Temporal Gateway
30.7%
Artifact - EquipmentTatsumasa, the Dragon's Fang
30.4%
ArtifactHeroes' Podium
30%
LandRath's Edge
29.3%
Artifact - EquipmentKonda's Banner
28.5%
ArtifactHall of Triumph
27.8%
ArtifactSword of the Chosen
27.8%
LandKeldon Necropolis
27.4%
Artifact - EquipmentOathkeeper, Takeno's Daisho
27%
ArtifactShell of the Last Kappa
24%
ArtifactKrark's Thumb
22.8%
ArtifactNyx Lotus
21.4%
Remove Ads.
Support Sporcle.
Get the best of Sporcle when you Go Orange. This ad-free experience offers more features, more stats, and more fun while also helping to support Sporcle. Thank you for becoming a member.

You're not logged in!

Compare scores with friends on all Sporcle quizzes.
OR
Log In

You Might Also Like...

Show Comments

Extras

Top Quizzes Today


Score Distribution

Your Account Isn't Verified!

In order to create a playlist on Sporcle, you need to verify the email address you used during registration. Go to your Sporcle Settings to finish the process.

Report this User

Report this user for behavior that violates our Community Guidelines.

Details: